Galatasaray Full Squad (2000-2025) - Statistics

General Stats
  • This quiz has been taken 133 times
    132 since last reset
  • The average score is 148 of 388
Answer Stats
Answer % Correct
Fernando Muslera
96%
Mauro Icardi
92%
Orhan Ak
90%
Recep Ata
90%
Aydın Yılmaz
89%
Barış Alper Yılmaz
89%
Burak Yılmaz
89%
Jankat Yılmaz
89%
Victor Osimhen
89%
Emre Mor
88%
Gabriel Sara
86%
Davinson Sánchez
85%
Yusuf Demir
85%
Dries Mertens
83%
Lucas Torreira
83%
Victor Nelsson
83%
Gheorge Hagi
82%
Mehmet Güven
82%
Yunus Akgün
82%
Kerem Demirbay
81%
Abdülkerim Bardakçı
79%
Álvaro Morata
79%
Hakan Balta
79%
Mario Lemina
79%
Berkan Kutlu
78%
Didier Drogba
78%
Kaan Ayhan
78%
Kerem Aktürkoğlu
78%
Yalçın Ayhan
78%
Ayhan Akman
76%
Claudio Taffarel
76%
Efe Akman
76%
Hamza Akman
76%
Przemyslaw Frankowski
76%
Roland Sallai
76%
Ali Turan
75%
Arda Turan
75%
Eyüp Aydın
75%
Günay Güvenç
75%
Kerem İnan
75%
Sacha Boey
75%
Selçuk İnan
75%
Sinan Turan
75%
Ümit Aydın
75%
Wesley Sneijder
75%
Bafétimbi Gomis
74%
Henry Onyekuru
74%
Gökhan Zan
72%
Ismail Jakobs
72%
Radamel Falcao
72%
Aytaç Kara
71%
Wilfried Zaha
71%
Felipe Melo
69%
Nicolò Zaniolo
69%
Younès Belhanda
69%
Marcão
68%
Elias Jelert
67%
Metehan Baltacı
67%
Semih Kaya
67%
Sofiane Feghouli
67%
Suat Kaya
67%
Eren Elmalı
65%
Hakan Şükür
65%
Hakim Ziyech
64%
Mbaye Diagne
64%
Bülent Korkmaz
63%
Gheorge Popescu
63%
Gheorghe Popescu
63%
Halil Dervişoğlu
63%
Sérgio Oliveira
63%
Yuto Nagatomo
63%
Alexandru Cicâldău
61%
Christian Luyindama
61%
Derrick Köhn
61%
Iñaki Peña
61%
Jardel
61%
Olimpiu Moruțan
61%
Lukas Podolski
60%
Tetê
60%
Ahmed Kutucu
58%
Carlos Cuesta
58%
Garry Rodrigues
58%
Hasan Şaş
58%
Johan Elmander
58%
Mariano
58%
Okan Buruk
58%
Ryan Babel
58%
Veysel Sarı
58%
Emre Belözoğlu
57%
Martin Linnes
57%
Ryan Donk
57%
Sabri Sarıoğlu
57%
Taylan Antalyalı
57%
Albert Riera
56%
Bruma
56%
Cihan Can
56%
Emin Bayram
56%
Eren Derdiyok
56%
Haris seferovic
56%
Harry Kewell
56%
Kazımcan Karataş
56%
Milan Baros
56%
Ömer Bayram
56%
Süleyman Luş
56%
Tanguy Ndombélé
56%
Ümit Karan
56%
Faryd Mondragón
54%
Hamit Altıntop
54%
İsmail Çipe
54%
Léo Dubois
54%
Maicon
54%
Serge Aurier
54%
DeAndre Yedlin
53%
Emmanuel Eboué
53%
Juan Mata
53%
Milot Rashica
53%
Ümit Davala
53%
Ergün Penbe
51%
Gedson Fernandes
51%
Umut Bulut
51%
Abdul Kader Keita
50%
Angeliño
50%
Aurélien Chedjou
50%
Batuhan Tekin
50%
Emre Akbaba
50%
Jason Denayer
50%
Nordin Amrabat
50%
Serdar Aziz
50%
Yasin Öztekin
50%
Alpaslan Öztürk
49%
Batuhan Şen
49%
Erick Pulgar
49%
Fatih Öztürk
49%
Jean Michaël Seri
49%
Mathias Ross
49%
Mertan Öztürk
49%
Gökdeniz Gürpüz
47%
Necati Ateş
47%
Okan Kocuk
47%
Steven Nzonzi
47%
Carlos Vinícius
46%
Cédric Bakambu
46%
Emre Kılınç
46%
Florin Andone
46%
Fredrik Midtsjø
46%
José Rodríguez
46%
Orkun Uşak
46%
Patrick van Aanholt
46%
Alex Telles
44%
Emre Çolak
44%
Lionel Carole
44%
Marcelo Saracchi
44%
Peter Etebo
44%
Servet Çetin
44%
Atakan Ordu
43%
Fernando
43%
Mostafa Mohamed
43%
Ozan Kabak
43%
Sinan Gümüş
43%
Alparslan Erdem
42%
Arif Erdem
42%
Badou Ndiaye
42%
Dany Nounkeu
42%
Jimmy Durmaz
42%
42%
Mülayim Erdem
42%
Recep Gül
42%
Ahmet Çalık
40%
Aykut Erçetin
40%
Sam Adekugbe
40%
Serkan Çalık
40%
Sinan Bolat
40%
Ali Turap Bülbül
39%
Emre Aşık
39%
Goran Pandev
39%
Konstantinos Mitroglou
39%
Koray Günter
39%
Lincoln
39%
Ahmet Yıldırım
38%
Berk Ünsal
38%
Caner Erkin
38%
Cenk Gönen
38%
Hakan Ünsal
38%
Luis Pedro Cavanda
38%
Oğulcan Çağlayan
38%
Sercan Yıldırım
38%
Colin Kazım-Richards
36%
Iasmin Latovlevici
36%
Mehmet Topal
36%
Rigobert Song
36%
Sasa Ilic
36%
Tarık Çamdal
36%
Tolga Ciğerci
36%
Adem Büyük
35%
Baran Aksaka
35%
Capone
35%
Emre Taşdemir
35%
Eray İşcan
35%
Franck Ribéry
35%
Izet Hajrovic
35%
Nigel de Jong
35%
Omar Elabdellaoui
35%
Ufuk Ceylan
35%
Valentine Ozornwafor
35%
Blerim Dzemaili
33%
Caner Doğan
33%
Ceyhun Gülselam
33%
Mohamed Sarr
33%
Olcan Adın
33%
Şener Özbayraklı
33%
Sergen Yalçın
33%
Tomas Ujfalusi
33%
Cédric Carrasso
32%
Cris
32%
Hasan Kabze
32%
Leo Franco
32%
Muğdat Çelik
32%
Serkan Kurtuluş
32%
Shabani Nonda
32%
Suat Usta
32%
Yekta Kurtuluş
32%
Bilal Kısa
31%
Bogdan Stancu
31%
Elano
31%
Jesse Sekidika
31%
Josué
31%
Juan Pablo Pino
31%
Lorik Cana
31%
Barış Özbek
29%
Berkin Arslan
29%
Fatih Akyel
29%
Giovani dos Santos
29%
Jem Karacan
29%
Junichi Inamoto
29%
Kaan Arslan
29%
Mehmed Polat
29%
Róbinson Zapata
29%
Volkan Arslan
29%
Emmanuel Culio
28%
Engin Baytar
28%
Gustavo Assunção
28%
Lucas Neill
28%
Stjepan Tomas
28%
Ali Yeşilyurt
26%
Batista
26%
Emrah Eren
26%
Frank de Boer
26%
Muhammet Yeşilyurt
26%
Umut Gündoğan
26%
Berkant Göktan
25%
Fernando Meira
25%
Lucas Ontivero
25%
Morgan De Sanctis
25%
Serkan Aykut
25%
Zvjezdan Misimovic
25%
Berk Yıldız
24%
Bülent Akın
24%
Çağlar Birinci
24%
Emiliano Insúa
24%
Mustafa Sarp
24%
Tobias Linderoth
24%
Yaser Yıldız
24%
Elvir Baljic
22%
Guillermo Burdisso
22%
Haim Revivo
22%
Vedat İnceefe
22%
Abel Xavier
21%
Alioum Saidou
21%
Ali Yavuz Kol
21%
Atalay Babacan
21%
Baran Demiroğlu
21%
Berk Balaban
21%
Boran Güngör
21%
Çetin Güngör
21%
Emre Güngör
21%
Volkan Yaman
21%
Yiğit Gökoğlan
21%
Birhan Vatansever
19%
Cihan Haspolatlı
19%
Ismaël Bouzid
19%
Marek Heinz
19%
Mehmet Bölükbaşı
19%
Sébastien Pérez
19%
Ufuk Talay
19%
Uğur Uçar
19%
Ali Lukunku
18%
Erencan Yardımcı
18%
Faruk Atalay
18%
Gabriel Tamaş
18%
Marcelo Carrusca
18%
Murat Erdoğan
18%
Ömer Erdoğan
18%
Özgür Can Özcan
18%
Andrés Fleurquín
17%
Christian
17%
Florin Bratu
17%
Gustavo Victoria
17%
Mehmet Batdal
17%
Mustafa Kapı
17%
Ovidiu Petre
17%
Radu Niculescu
17%
Salih Dursun
17%
Ahmed Barusso
15%
Bartuğ Elmaz
15%
Cafercan Aksu
15%
Fabio Pinto
15%
Felipe Loureiro
15%
Kerem Çalışkan
15%
Pavel Horvath
15%
Richard Kingson
15%
Robert Spehar
15%
César Prates
14%
Ferdi Elmas
14%
Ferhat Öztorun
14%
Fevzi Elmas
14%
Flávio Conceição
14%
Hakan Yakin
14%
Altan Aksoy
13%
Batuhan Ergün
13%
Emirhan Ergün
13%
Gökay Güney
13%
Murat Sözkesen
13%
Sergio Almaguer
13%
Abdussamed Karnuçu
11%
Erkan Süer
11%
Erman Kılıç
11%
İlker Erbay
11%
Tolga Seyhan
11%
Celil Yüksel
10%
Emrah Başsan
10%
Musa Çağıran
10%
Sedat Debreli
10%
Alperen Uysal
8%
Anıl Dilaver
8%
Cem Sultan
8%
Emrah Umut
8%
Erhan Şentürk
8%
Ferhat Özturan
8%
Furkan Özçal
8%
Jersson González
8%
Burak Akdiş
7%
Erhan Namlı
7%
Márcio Mixirica
7%
Uğur Demirok
7%
Abdullah Ercan
6%
İbrahim Yavuz
6%
Kaan Baysal
6%
Oğuzhan Kayar
6%
Serdar Özkan
6%
Servet Gökçen
6%
Soner Gönül
6%
Uğur Akdemir
6%
Ali Ülgen
4%
Berk Neziroğluları
4%
Çağrı Yarkın
4%
Emrah Pehlivanoğlu
4%
Emre Can Coşkun
4%
Ercan Şirin
4%
Eyüp Kaymakçı
4%
Fırat Kocaoğlu
4%
Görkem Görk
4%
İbrahim Coşkun
4%
İlker Cihan
4%
Malik Karaahmet
4%
Onur Çubukçu
4%
Sedat Yeşilkaya
4%
Volkan Bekçi
4%
Erkan Ferin
3%
Murat Akça
3%
Sefa Özdemir
3%
Semih Oğuz
3%
Volkan Pala
3%
Zafer Şakar
3%
Ahmet Kesim
1%
Anıl Karaer
1%
Caner Öztel
1%
Cumhur Yılmaztürk
1%
Ferhan Evren
1%
Oğuz Sabankay
1%
Okan Derici
1%
Barış Zeren
0%
Doğan Can Davas
0%
Emirhan Civelek
0%
Emrah Başaran
0%
Harun Temür
0%
Serdar Eylik
0%
Sinan Osmanoğlu
0%
No matching quizzes found
Score Distribution
Percent of People with Each Score
Percentile by Number Answered
Your Score History
You have not taken this quiz since the last reset